TEC - Luxembourg - Statistiques

Statistiques générales
  • Ce quiz a été pris 2 fois
  • Le résultat moyen est 4 sur 206
Statistiques - réponses
Numéro de ligne Intitulé de la ligne % Correct
6 | 601 Libramont - Bastogne
100%
8 Bouillon - Libramont
50%
16 | 161 Virton - Athus - Arlon
50%
9 Alle-sur-semois - Gedinne - Beauraing
0%
51 Amberloup - Saint-Hubert - Libramont
0%
561 Anlier - Louftémont
0%
723 Arlon - Differt
0%
26 Arlon - Frassem - Arlon
0%
525 Arlon - Habay
0%
741 Arlon - Hondelange - Athus
0%
199 Arlon - Saint-Mard
0%
292 Arlon - Schockville - Attert
0%
24 Arlon - Steinfort
0%
169 Aubange - Saint-Mard
0%
420 Aye - Jemelle - Nassogne
0%
10/2 Aywaille - Hamoir - Durbuy - Barvaux - Bomal
0%
10/5 Barvaux - Oppagne - Heyd - Bomal
0%
722 Bascharage - Differt
0%
163c Bastogne - Houffalize - Gouvy
0%
89 Bastogne - Houffalize - Gouvy - Vielsalm
0%
18 Bastogne - Houffalize - Montleban
0%
163b5 Bastogne - Mageret - Wardin
0%
2 Bastogne - Martelange - Fauvillers
0%
17/2 Bastogne - Marvie - Bastogne
0%
413 Bastogne - Neufchâteau
0%
2/2 Bastogne - Villers-La-Bonne-Eau
0%
21 Battincourt - Athus - Arlon
0%
211 Battincourt - Athus -Differt - Stockem
0%
26 Beauraing - Wellin
0%
56 Behême - Habay
0%
30 Bellefontaine - Paliseul
0%
69 Bertrix - circuit du Saupont
0%
231 Bertrix - Izel - Florenville
0%
411 Bertrix - Neufchateau
0%
5/3 Bertrix - Paliseul - Saint-Hubert
0%
44 Bièvre - Menuchenet
0%
12/2 Biron - Ny - Soy - Hotton
0%
43 Bohan - Alle - Menuchenet
0%
10/4 Bomal - Tohogne
0%
91 Boucle Urbaine de Waha
0%
92 Boucle Urbaine du WEX
0%
40 Bouillon - Bertrix
0%
8b Bouillon - Menuchenet
0%
163b1 Bras - Wardin - Bastogne
0%
163b4 Bras - Wardin - Mageret - Bastogne
0%
22 Carignan - Florenville - Arlon
0%
322 Chantemelle - Virton
0%
20 | 201 Châtillon - Rachecourt - Arlon
0%
14/1 Chevron - Manhay
0%
11/7 Circuit des écoles de Bourdon et Hotton
0%
11/9 Circuit des Rocailles et IMP de Marloie
0%
78/1 Circuit scolaire de Bertrix (Ecole Spéciale)
0%
78/2 Circuit scolaire de Bertrix (Zoning)
0%
79/2 Circuit scolaire de Bouillon (Maroc)
0%
79/1 Circuit scolaire de Bouillon (OTAN)
0%
77/2 Circuit scolaire de Libramont (Blancheau)
0%
77/4 Circuit scolaire de Libramont (Neuvillers)
0%
77/3 Circuit scolaire de Libramont (Serpont)
0%
77/1 Circuit scolaire de Libramont (Wisbeley)
0%
12/1 Deulin - Hotton
0%
862 Ebly - Chêne - Witry
0%
861 Fauvillers - Neufchateau
0%
221 Florenville - Arlon
0%
23 Florenville Miroir - Florenville Gare
0%
412 Florenville - Neufchateau
0%
236 Florenville - Virton
0%
66 Gedinne - Paliseul - Bertrix
0%
67 Gedinne - Paliseul - Bouillon
0%
333 Gérouville - Virton
0%
18/4 Gouvy - Deiffelt - Beho - Commanster - Vielsalm
0%
163d2 Gouvy - Limerlé - Houffalize
0%
163d Gouvy - Tavigny - Bastogne
0%
761 Guerlange - Athus
0%
251 Habay - Fouches - Arlon
0%
25 Habay - Hachy - Arlon
0%
271 Habay - Izel - Florenville
0%
321 Habay - Virton
0%
242 Hagen - Arlon
0%
18/2 Hallonru - Cherain
0%
98 Havelange - Marche
0%
29 Heinstert - Arlon
0%
48 Herbeumont - Bertrix
0%
232 Herbeumont - Florenville - Izel
0%
12/3 Hotton (Ctre Réfugiés) - Melreux (Gare)
0%
331 Houdemont - Virton
0%
235 Houdrigny - Izel - Florenville
0%
17 Houffalize - Bertogne - Bastogne
0%
14/7 Houffalize - Gouvy - Schmiede
0%
14/4 Houffalize - Hébronval - Manhay
0%
15/2 Houffalize - La Roche
0%
18/3 Houffalize - Vielsalm
0%
14/6 Houffalize - Vielsalm - Schmiede
0%
222 Izel - Arlon
0%
166c Jemelle - Forzée - Briquemont
0%
166a Jemelle - Lavaux-Sainte-Anne
0%
166b Jemelle - Villers-Sur-Lesse - Ciergnon
0%
29 Jemelle - Wellin - Grupont
0%
413/2 Juseret - Traimont - Sibret - Bastogne
0%
481 Lambermont - Bertrix
0%
136 La Roche - Cielle - Rendeux
0%
13/2 La Roche - Devantave - La Roche
0%
135 La Roche - Halleux - Rendeux
0%
137 La Roche - Hodister - Rendeux
0%
55 La Roche - Manhay - Malempré
0%
15 La Roche - Marche - Marloie
0%
13 La Roche - Melreux
0%
49 La Roche - Ortho (Baconfoy - Cens)
0%
59 La Roche - Tenneville - La Roche
0%
13/3 La Roche - Warizy - La Roche
0%
572 Lavaux - Assenois
0%
253 Léglise - Anlier - Arlon
0%
57 Léglise - Marbehan
0%
254 Léglise - Marbehan - Arlon
0%
87 Léglise - Neufchâteau - Libramont
0%
273 Les Fossés - Florenville
0%
872 Les Fossés - Neufchateau
0%
4 Libramont - Amberloup - Champlon
0%
562 Libramont - Habay
0%
162b Libramont - Jemelle
0%
871 Libramont - Neufchateau
0%
61 Libramont - Redu
0%
252 Lischert - Arlon
0%
415 Longlier - Neufchâteau
0%
751 Longwy - Athus
0%
17/3 Mabompré - Vellereux et Compogne
0%
5/5 Maissin - Libin - Saint-Hubert
0%
10 Manhay - Aywaille
0%
14/5 Manhay - Hébronval
0%
14/3 Manhay - Lierneux
0%
11 Manhay - Melreux
0%
14/2 Manhay - Samrée - Grandmenil
0%
10/3 Manhay - St-Roch - Bomal - Barvaux
0%
14 Manhay - Vielsalm
0%
58 Marbehan - Habay
0%
84 Marbehan - Habay - Arlon - Luxembourg
0%
33 Marbehan - Tintigny - Virton
0%
1 Marche-en-Famenne - Bastogne
0%
15/4 Marche - Les Fourches - Marloie
0%
162a2 Marloie - Heure - Noiseux
0%
11/2 Marloie - Melreux
0%
162a3 Marloie - Noiseux - Melreux
0%
291 Martelange - Arlon
0%
564 Martelange - Habay
0%
11/3 Melreux - Heyd - Bomal - Petithan
0%
45 Menuchenet - Bouillon - Menuchenet
0%
31 Menuchenet - Carlsbourg - Paliseul
0%
213 Messancy - Hondelange - Arlon
0%
565 Metzert - Habay
0%
35 Montmédy - Virton
0%
721 Musson - Athus - Differt
0%
39 Musson - Ruette - Virton
0%
97d Nettinne - Marche
0%
566 Neufchateau - Habay
0%
571 Neufchâteau - Léglise
0%
863 Neufchâteau - Sainte-Marie - Libramont
0%
11/5 Noiseux - Durbuy - Melreux
0%
32 Ochamps - Jéhonville - Paliseul
0%
68 Paliseul - Ochamps - Bertrix
0%
332 Pin - Virton
0%
806 Poix - Paliseul
0%
14/8 Regné - Ottré - Tailles - Fraiture
0%
63 ROCHEFORT (Gare) - ROCHEFORT (Préhyr)
0%
424 Rochefort - Marche
0%
62 Rochefort - Tellin - Grupont - Mirwart
0%
212 Rodange - Arlon
0%
272 Rossignol - Florenville
0%
37 Sainte-Cécile - Muno - Bouillon
0%
53/2 Saint-Hubert - Champlon - Saint-Hubert
0%
5/2 Saint-Hubert - Nassogne - Saint-Hubert
0%
60 Saint-Hubert - Neufchâteau
0%
5 Saint-Hubert - Poix
0%
53/1 Saint-Hubert - Tillet - Amberloup
0%
731 Saint-Léger - Athus
0%
391 Saint-Léger - Ruette - Virton
0%
1/2 Salle - Flamierge - Bastogne
0%
524 Sampont - Habay
0%
162a4 Sinsin - Marche
0%
42 Six-Planes - Menuchenet
0%
235 Sommethonne - Izel - Florenville
0%
7 Sugny - Bouillon
0%
223 Tintigny - Etalle
0%
522 Tintigny - Habay
0%
381 Torgny - Virton
0%
563 Traimont - Habay
0%
521 Valansart - Habay
0%
274 Vance - Florenville
0%
346 Villers-sur-Semois - Breuvanne - Tintigny
0%
19 | 191 Virton - Arlon
0%
83 Virton - Aubange - Luxembourg
0%
234 Virton - Florenville - Izel
0%
523 Virton - Habay
0%
38 Virton - Lamorteau - Virton
0%
711 Virton - Mussy-la-Ville - Athus
0%
163d3 Vissoule - Tavigny - Houffalize
0%
63 Waharday - Chéoux - Rendeux
0%
241 Waltzing - Arlon
0%
233 Watrinsart - Florenville - Izel
0%
15/3 Wibrin - Houffalize
0%
162 Willancourt - Virton
0%
134 Wy - Amonines - Trinal - Rendeux
0%
Aucun quiz correspondant
Distribution des résultats
% des personnes avec chaque résultat
Percentile par nombre de réponses
Votre historique - résultats
Vous n’avez pas pris ce quiz